000 00601nam a2200241Ia 4500
003 OSt
005 20221005100307.0
006 a|||||r|||| 00| 0
007 ta
008 221004b |||||||| |||| 00| 0 eng d
024 _a24994
037 _cTextual
040 _aCRL
_cCRL
_beng
041 _2eng
_aeng
082 _aY5923:1.21, E7
100 _aHalliday R
_9620982
245 0 _aTalaings
260 _aRangoon
_bGovt. of Berma
_c1917
300 _a164p.
_ccm.
650 _aSOCIOLOGY
942 _hY5923:1.21, E7
_cTEXL
_2cc
999 _c1004996
_d1004996